Score 0/12 Timer 01:30
0 Plays Today
Clue 3-Letter Answer % Correct
2000 poundsTON
95.9%
A digit of the footTOE
94.8%
UrinePEE
94.8%
A light brown colorTAN
94%
Cooking device used to boil pastaPOT
93.4%
Prohibit or forbidBAN
93.2%
Write down quicklyJOT
91.8%
Author of 'The Raven'POE
91.6%
• French for 'good' •• BON •
91.2%
• Coffee, colloquially •• JOE •
89.7%
• The 22nd letter •• VEE •
86.5%
• Game of Thrones quote: 'You know nothing ___ Snow!' •• JON •
82.2%

Today's Daily Dose

Remove Ads.
Support Sporcle.
Get the best of Sporcle when you Go Orange. This ad-free experience offers more features, more stats, and more fun while also helping to support Sporcle. Thank you for becoming a member.

You're not logged in!

Compare scores with friends on all Sporcle quizzes.
OR
Log In

Sporcle TV

Today on Sporcle TV


Watch our educational content, quiz creation guides, and fun videos on Sporcle TV.

Show Comments

Extras

Top Quizzes Today


Score Distribution

Paid Content

Your Account Isn't Verified!

In order to create a playlist on Sporcle, you need to verify the email address you used during registration. Go to your Sporcle Settings to finish the process.

Report this User

Report this user for behavior that violates our Community Guidelines.

Details: